Loading...
| Science - Chemistry | 1 | 3 | 1 | 0 | 40 | 53 | 72.75 | 2 | 4 | 0.00 | 0.00 |
| Science - Biology | 1 | 1 | 0 | 0 | 25 | 50 | 63.00 | 1 | 2 | 0.00 | 0.00 |
| Fine Arts - Auditory | 1 | 1 | 1 | 0 | 20 | 48 | 90.00 | 1 | 2 | 0.00 | 0.00 |
| Philosophy | 0 | 2 | 0 | 0 | 20 | 90 | 95.00 | 2 | 2 | 0.00 | 0.00 |
| Literature - British | 1 | 0 | 1 | 0 | 10 | 48 | 48.00 | 1 | 1 | 0.00 | 0.00 |
| Science - Other | 0 | 1 | 0 | 0 | 10 | 109 | 109.00 | 0 | 1 | 0.00 | 0.00 |
| Fine Arts - Other | 0 | 1 | 0 | 0 | 10 | 96 | 96.00 | 1 | 1 | 0.00 | 0.00 |
| History - American | 0 | 1 | 0 | 0 | 10 | 121 | 121.00 | 0 | 1 | 0.00 | 0.00 |
| History - Other | 0 | 1 | 0 | 1 | 10 | 135 | 135.00 | 1 | 1 | 0.00 | 0.00 |
| History - World | 0 | 1 | 1 | 1 | 5 | 128 | 128.00 | 0 | 1 | 0.00 | 0.00 |
| Pop Culture | 0 | 0 | 1 | 0 | -5 | 0.00 | 0 | 0 | 0.00 | 0.00 | |
| Mythology | 0 | 0 | 1 | 0 | -5 | 0.00 | 0 | 0 | 0.00 | 0.00 | |
| Literature - American | 0 | 0 | 1 | 0 | -5 | 0.00 | 0 | 0 | 0.00 | 0.00 |